000 00768nam a2200253 i 4500
001 bg
100 1 _aNARUSZEWICZ, Stanisław
245 1 0 _aPrawo i postępowanie celne /
_cStanisław Naruszewicz, Ewa Karczewska, Mirosława Laszuk.
260 _aBiałystok :
_bDział Wydawnictw i Poligrafii Politechniki Białostockiej,
_c1999.
300 _a193 s. ;
_c23 cm.
500 _aStreszcz. ang.
504 _aBibliogr. s. 189-191.
650 9 _aCło
_xprawo
_zPolska
_ystan na 1999 r.
655 _aPodręczniki
700 1 _aKARCZEWSKA, Ewa
700 1 _aLASZUK, Mirosława
020 _a8386272996
040 _cBPK
041 0 _apl
_ben
080 _a346.61(438)(07)
920 _a83-86272-99-6
942 _cKS
008 s pl f |000 0 pol
999 _c38002
_d38002
856 _uhttp://koha.tu.koszalin.pl/cgi-bin/koha/opac-detail.pl?biblionumber=38002
_yKatalog online BPK